000 00314nam a22001217a 4500
003 SGT
082 _a891.4309
_bB01A
100 _aआज़ाद, ए. आर.
245 _a बिखरे चित्र
260 _bएक एक कतरा प्रकाशन
_c2001
300 _a112
942 _2ddc
_cBK
999 _c31275
_d31275